000 00560nam a22002051a 4500
001 1958
003 OSt
005 20260204211754.0
008 040122s2001||||dr ||||||b||||||||||spa||
020 _a8482163529
050 _aRD 460 G1651
082 _aRD 460 G1651
100 _aGarcía Cartagena, Manuel
245 _aLengua y literatura III / Manuel García Cartagena
264 _aSanto Domingo : Santillana
300 _a279 p.
500 _a3ro media (primer grado, sengundo ciclo)
650 _a1.Español - Lengua 2.LiteraturaÌ
942 _2ddc
_cBK
999 _c1958
_d1958